| 000 | 00597nam a2200241Ia 4500 | ||
|---|---|---|---|
| 001 | 16713 | ||
| 003 | GE_BSU | ||
| 008 | 181216s||||||||xx |||||||||||||| ||und|| | ||
| 020 | _a9782011552266 | ||
| 040 | _cGE_BSU | ||
| 080 | _a811.133.1 | ||
| 100 | _aCALMY Anne-Marie | ||
| 245 | _aLe Français du tourisme | ||
| 260 | _aParis | ||
| 260 | _bHachette Français Langue Etrangère | ||
| 260 | _c2004 | ||
| 300 | _a160p;ill,28cm | ||
| 541 | _h10gel. | ||
| 653 | _aLe Français du tourisme | ||
| 653 | _aტურიზმი | ||
| 653 | _aფრანგული ენა | ||
| 942 | _cBK | ||
| 999 |
_c49778 _d49778 |
||